000 00755nam a2200229Ia 4500
001 9223
003 GE_BSU
008 181216s||||||||xx |||||||||||||| ||und||
040 _cGE_BSU
080 _a821.353.1-31
100 _aლორთქიფანიძე,გიორგი
245 _aუკანასკნელი ცრემლი
245 _bრომანი
245 _cრედ:ა.შონია;მხატვ:დ.დუნდუა;ჯ.ყაველაშვილი
260 _aბათუმი.
260 _bსახელგამი
260 _c1959
300 _a270გვ;21სმ.
653 _aრომანი
653 _aუკანასკნელი ცრემლი
942 _cBK
999 _c42526
_d42526